Aplauso/ (Record no. 4145)
[ view plain ]
| 000 -LEADER | |
|---|---|
| campo de control de longitud fija | 01260nam a22004217a 4500 |
| 003 - IDENTIFICADOR DE NÚMERO DE CONTROL | |
| campo de control | OSt |
| 005 - FECHA Y HORA DE LA ÚLTIMA TRANSACCIÓN | |
| campo de control | 20230817085444.0 |
| 008 - DATOS DE LONGITUD FIJA--INFORMACIÓN GENERAL | |
| campo de control de longitud fija | 221006b |||||||| |||| 00| 0 eng d |
| 020 ## - NÚMERO INTERNACIONAL ESTÁNDAR DEL LIBRO | |
| Número Internacional Estándar del Libro | 9 771518 578008 |
| 040 ## - FUENTE DE CATALOGACIÓN | |
| Centro/agencia transcriptor | Biblioteca Lado V |
| 082 ## - NÚMERO DE LA CLASIFICACIÓN DECIMAL DEWEY | |
| Número de clasificación | 306.4 |
| Número de ítem | P782a |
| 100 ## - ENTRADA PRINCIPAL--NOMBRE DE PERSONA | |
| 9 (RLIN) | 944 |
| Nombre de persona | Polydoro, Jorge |
| Término indicativo de función/relación | editor |
| 245 ## - MENCIÓN DEL TÍTULO | |
| Título | Aplauso/ |
| Resto del título | Cultura em Revista/ |
| 260 ## - PUBLICACIÓN, DISTRIBUCIÓN, ETC. | |
| Nombre del editor, distribuidor, etc. | Lei de Incentivo a Cultura |
| Fecha de publicación, distribución, etc. | 2005 |
| Lugar de publicación, distribución, etc. | Brasil |
| 300 ## - DESCRIPCIÓN FÍSICA | |
| Dimensiones | 23x28cm |
| Extensión | 50p. |
| 490 ## - MENCIÓN DE SERIE | |
| Mención de serie | 68 |
| Designación de volumen o secuencia | 7 |
| Número Internacional Normalizado para Publicaciones Seriadas | 1518-5788 |
| 505 ## - NOTA DE CONTENIDO CON FORMATO | |
| Título | Entrevista a batida do funk chega a telona |
| 505 ## - NOTA DE CONTENIDO CON FORMATO | |
| Título | Stereo |
| 505 ## - NOTA DE CONTENIDO CON FORMATO | |
| Título | Samba Cariucho |
| 505 ## - NOTA DE CONTENIDO CON FORMATO | |
| Título | Palco |
| 505 ## - NOTA DE CONTENIDO CON FORMATO | |
| Título | O saldo do Em Cena |
| 505 ## - NOTA DE CONTENIDO CON FORMATO | |
| Título | Especial o que acontece na Usina? |
| 505 ## - NOTA DE CONTENIDO CON FORMATO | |
| Título | Imago |
| 505 ## - NOTA DE CONTENIDO CON FORMATO | |
| Título | Spot |
| 505 ## - NOTA DE CONTENIDO CON FORMATO | |
| Título | Serie Arte Contemporánea |
| 505 ## - NOTA DE CONTENIDO CON FORMATO | |
| Título | Danca |
| 505 ## - NOTA DE CONTENIDO CON FORMATO | |
| Título | Spot |
| 505 ## - NOTA DE CONTENIDO CON FORMATO | |
| Título | Para Pensar a Bienal |
| 505 ## - NOTA DE CONTENIDO CON FORMATO | |
| Título | Cinefilo |
| 505 ## - NOTA DE CONTENIDO CON FORMATO | |
| Título | Serie Combates Farroupilhas |
| 505 ## - NOTA DE CONTENIDO CON FORMATO | |
| Título | Livros |
| 505 ## - NOTA DE CONTENIDO CON FORMATO | |
| Título | Traco |
| 650 ## - PUNTO DE ACCESO ADICIONAL DE MATERIA--TÉRMINO DE MATERIA | |
| Fuente del encabezamiento o término | Tesauro de Arte & Arquitectura |
| Término de materia o nombre geográfico como elemento de entrada | ARTE |
| 9 (RLIN) | 703 |
| 650 ## - PUNTO DE ACCESO ADICIONAL DE MATERIA--TÉRMINO DE MATERIA | |
| Fuente del encabezamiento o término | Tesauro de Arte & Arquitectura |
| Término de materia o nombre geográfico como elemento de entrada | CULTURA |
| 650 ## - PUNTO DE ACCESO ADICIONAL DE MATERIA--TÉRMINO DE MATERIA | |
| Fuente del encabezamiento o término | Tesauro de Arte & Arquitectura |
| Término de materia o nombre geográfico como elemento de entrada | EXPRESION CULTURAL |
| 651 ## - PUNTO DE ACCESO ADICIONAL DE MATERIA--NOMBRE GEOGRÁFICO | |
| Fuente del encabezamiento o término | Tesauro de Arte & Arquitectura |
| Nombre geográfico | BRASIL |
| 942 ## - ELEMENTOS DE ENTRADA SECUNDARIOS (KOHA) | |
| Fuente del sistema de clasificación o colocación | Clasificación Decimal Dewey |
| Tipo de ítem Koha | Libros |
| Parte de la signatura que corresponde a la clasificación (Parte de la clasificación) | 306.4 |
| Parte de la signatura que identifica el ejemplar (Parte del ítem) | P782a |
| Suprimir en OPAC | No |
| Estatus retirado | Estado de pérdida | Fuente del sistema de clasificación o colocación | Especificación de materiales (volumen encuadernado u otra parte) | Estado de daño | No para préstamo | Colección | Biblioteca de origen | Biblioteca actual | Fecha de adquisición | Enumeración/cronología de publicación seriada | Número de inventario | Total de préstamos | Signatura topográfica completa | Código de barras | Visto por última vez | Precio de reemplazo | Tipo de ítem Koha |
|---|---|---|---|---|---|---|---|---|---|---|---|---|---|---|---|---|---|
| Clasificación Decimal Dewey | 7 | Revistas | Biblioteca LadoV | Biblioteca LadoV | 17/08/2023 | 68 | 002406 | 306.4 P782a | 002406 | 17/08/2023 | 17/08/2023 | Libros |
